| 000 | 02220nam0a2200349 4500 | ||
|---|---|---|---|
| 001 | RU\NLR\BIBL_A\012896763 | ||
| 005 | 20221123121130.0 | ||
| 021 |
_aRU _bКН-П-22-051075 _9КН-П-22-4438 |
||
| 035 | _a(NLR Aleph) 012896763 | ||
| 035 | _a(RuMoRGB)011164741 | ||
| 090 |
_a12567911 _c12567911 |
||
| 100 | _a20220927d2022 u y0rusy50 ca | ||
| 101 | 0 | _arus | |
| 102 | _aRU | ||
| 105 | _ay j 000zy | ||
| 181 | 0 |
_ai4 _baxxe |
|
| 182 | 0 | _an | |
| 200 | 1 |
_aПравозащитная деятельность органов муниципальной власти _eучебно-методическое пособие _eдля всех категорий обучающихся юридических вузов _fР. Б. Булатов, В. М. Боер, С. Ю. Андрейцо _gМинистерство науки и высшего образования Российской Федерации, Федеральное государственное автономное образовательное учреждение высшего образования Санкт-Петербургский государственный университет аэрокосмического приборостроения |
|
| 203 |
_aТекст _bвизуальный _cнепосредственный |
||
| 210 |
_aСанкт-Петербург _cГУАП _d2022 |
||
| 215 |
_a225 с. _d21 |
||
| 320 | _aБиблиогр.: с. 195-216 (258 назв.) и в подстроч. примеч. | ||
| 606 | 1 |
_aОрганы местного самоуправления _xЗащита прав граждан _yРоссийская Федерация _jУчебно-методические пособия для высших учебных заведений _2nlr_sh2 _3RU\NLR\AUTH\6601581193 |
|
| 686 | 1 | _aХ620.32я73 | |
| 686 | 1 | _aХ621.011.2я73 | |
| 700 | 1 |
_aБулатов _bР. Б. _gРашид Борисович |
|
| 701 | 1 |
_aБоер _bВ. М. _f1956- _gВиктор Матвеевич |
|
| 701 | 1 |
_aАндрейцо _bС. Ю. _gСергей Юрьевич |
|
| 942 | _cBOOK | ||
| 980 | _aNB | ||